000 00912cab a2200301 4500
001 ABS50864
008 090401t1994 xxu||||| |||| 00| 0 eng d
035 _a(Sirsi) u80519
041 _aeng
100 _aPettipher, M.
245 _aEuro cash call
260 _c1994
350 _a0
490 _aNew Builder
_v(219) 3 June 1994, 22-23(2)
520 _aConsiders the reasons why the UK is failing to take advantage of EC structural funds. Tabulates EC funding programmes 1989-1993. Key UK contacts.
650 _aEC STRUCTURAL FUNDS
650 _aEUROPEAN COMMISSION
650 _aEUROPEAN INVESTMENT BANK
650 _aOBJECTIVE 2 INDUSTRIAL AREAS
650 _aPRIVATE FINANCE INITIATIVE
650 _aRECHAR AREAS
650 _aREGIONAL POLICY
650 _aSTRUCTURAL FUNDS
690 _aECONOMIC AND SOCIAL
690 _aEUROPE-SINGLE MARKET
942 _n0
948 _c04/03/1997
999 _c50701
_d50701